000 01355nam a2200361Ia 4500
001 ebr10326921
003 CaPaEBR
006 m u
007 cr cn|||||||||
008 930908s1993 enka sb 000 0 eng d
010 _z 92051106
020 _z0803988907 (cased)
020 _z0803988915 (pbk)
020 _z9780803988903
040 _aCaPaEBR
_cCaPaEBR
035 _a(OCoLC)657417453
050 1 4 _aJF1411
_b.M62 1993eb
082 0 4 _a351/.00094
_220
245 0 0 _aModern governance
_h[electronic resource] :
_bnew government-society interactions /
_cedited by Jan Kooiman.
260 _aLondon ;
_aThousand Oaks, Calif. :
_bSage,
_cc1993.
300 _a280 p. :
_bill.
504 _aBibliography: p. [267]-280.
533 _aElectronic reproduction.
_bPalo Alto, Calif. :
_cebrary,
_d2009.
_nAvailable via World Wide Web.
_nAccess may be limited to ebrary affiliated libraries.
650 0 _aPolitical planning
_zEurope.
650 0 _aPolitical planning.
650 0 _aPublic administration
_zEurope.
650 0 _aPublic administration.
651 0 _aEurope
_xPolitics and government
_y1945-
655 7 _aElectronic books.
_2local
700 1 _aKooiman, J.
710 2 _aebrary, Inc.
856 4 0 _uhttp://site.ebrary.com/lib/rucke/Doc?id=10326921
_zAn electronic book accessible through the World Wide Web; click to view
999 _c159689
_d159689